Zum Stand der Umstrukturierung landwirtschaftlicher Betriebe in Mecklenburg-Vorpommern.

Problémy vyskytujúce sa pri reštrukturalizácii poľnohospodárskych podnikov v krajine Mecklenburg-Vorpommern, kde pred zjednotením Nemecka pracovalo 20,2 perc. pracujúcich v poľnohospodárstve. Počet poľnohospodárskych podnikov k 31.12.1989 a zmena ich počtu a foriem k 31.3.1991. Štruktúra zamestnanco...

ver descrição completa

Na minha lista:
Detalhes bibliográficos
Autor principal: Richter, R.
Formato: Capítulo de Livro
Idioma:alemão
Assuntos:
Tags: Adicionar Tag
Sem tags, seja o primeiro a adicionar uma tag!

MARC

LEADER 00000naa a2200000 4500
001 r005108
005 20221130102652.4
041 0 |a ger 
044 |a DE 
245 1 0 |a Zum Stand der Umstrukturierung landwirtschaftlicher Betriebe in Mecklenburg-Vorpommern.  |c R. Richter 
520 |a Problémy vyskytujúce sa pri reštrukturalizácii poľnohospodárskych podnikov v krajine Mecklenburg-Vorpommern, kde pred zjednotením Nemecka pracovalo 20,2 perc. pracujúcich v poľnohospodárstve. Počet poľnohospodárskych podnikov k 31.12.1989 a zmena ich počtu a foriem k 31.3.1991. Štruktúra zamestnancov v jednotlivých poľnohospodárskych odvetviach. 
610 2 0 |a podnik poľnohospodársky 
610 2 0 |a zmeny štruktúrne 
610 2 0 |a Nemecko 
610 2 0 |a pracovníci poľnohospodárski 
610 2 0 |a údaje štatistické 
100 1 |a Richter, R.